000 00316nam a22001457a 4500
008 230324b ||||| |||| 00| 0 eng d
020 _a2900132569537
041 _aeng
080 _2LEVEL TWO
_a621
082 _a621HAL
100 _a21
101 _aINXINIERI
245 _aELECTRICAL
_cHALL.P
942 _2udc
_cBK
999 _c59443
_d59443